000 00265nam a2200109Ia 4500
008 190906s9999||||xx |||||||||||||| ||und||
100 _aAaker.Kumar .Day
245 0 _aMarketing Research
260 _aNew Jersey
_bWilley Student
_c2001
300 _a750
942 _cBK
999 _c6130
_d6130